Fundamentals of polymer science : (Record no. 20985)

MARC details
000 -LEADER
fixed length control field 01187cam a22003255i 4500
001 - CONTROL NUMBER
control field 1183720
003 - CONTROL NUMBER IDENTIFIER
control field EG-ScBUE
005 - DATE AND TIME OF LATEST TRANSACTION
control field 20251221110735.0
008 - FIXED-LENGTH DATA ELEMENTS--GENERAL INFORMATION
fixed length control field 970708t1997 flua f b 001 0 eng d
020 ## - INTERNATIONAL STANDARD BOOK NUMBER
International Standard Book Number 9781566765596
040 ## - CATALOGING SOURCE
Original cataloging agency EG-ScBUE
Language of cataloging eng
Description conventions rda
Transcribing agency EG-ScBUE
Modifying agency EG-ScBUE
082 04 - DEWEY DECIMAL CLASSIFICATION NUMBER
Classification number 547.7
Item number PAI
Edition number 22
100 1# - MAIN ENTRY--PERSONAL NAME
Personal name Painter, Paul C.,
9 (RLIN) 38578
Relator term author.
245 10 - TITLE STATEMENT
Title Fundamentals of polymer science :
Remainder of title an introductory text /
Statement of responsibility, etc Paul C. Painter, Michael M. Coleman, The Pennsylvania State University.
250 ## - EDITION STATEMENT
Edition statement Second edition.
264 #1 - PUBLICATION, DISTRIBUTION, ETC. (IMPRINT)
Place of publication, distribution, etc Boca Raton, Florida :
Name of publisher, distributor, etc CRC Press,
Date of publication, distribution, etc [1997]
264 #4 - PUBLICATION, DISTRIBUTION, ETC. (IMPRINT)
Date of publication, distribution, etc c1997
300 ## - PHYSICAL DESCRIPTION
Extent xv, 478 pages :
Other physical details illustrations ;
Dimensions 24 cm
336 ## - CONTENT TYPE
Source rdacontent
Content type term text
Content type code txt
337 ## - MEDIA TYPE
Media type term unmediated
Source rdamedia
Media type code n
338 ## - CARRIER TYPE
Carrier type term volume
Carrier type code nc
Source rdacarrier
500 ## - GENERAL NOTE
General note 'Copyright 1997 by CRC Press LLC. Originally published by Technomic Publishing.'
504 ## - BIBLIOGRAPHY, ETC. NOTE
Bibliography, etc Includes bibliographical references and index.<br/>
650 #7 - SUBJECT ADDED ENTRY--TOPICAL TERM
Topical term or geographic name as entry element Polymers.
Source of heading or term BUEsh
9 (RLIN) 5875
650 #7 - SUBJECT ADDED ENTRY--TOPICAL TERM
Topical term or geographic name as entry element Polymerization.
Source of heading or term BUEsh
9 (RLIN) 6762
653 ## - INDEX TERM--UNCONTROLLED
Resource For college Engineering, Chemical
-- Engineering, General
Arrived date list October2015
-- January2016
655 ## - INDEX TERM--GENRE/FORM
Form subdivision Reading book
9 (RLIN) 34232
700 1# - ADDED ENTRY--PERSONAL NAME
Personal name Coleman, Michael M.,
Relator term author.
942 ## - ADDED ENTRY ELEMENTS (KOHA)
Source of classification or shelving scheme Dewey Decimal Classification
Koha item type Book - Borrowing
Holdings
Withdrawn status Lost status Source of classification or shelving scheme Damaged status Not for loan Collection code Home library Current library Shelving location Date acquired Source of acquisition Total Checkouts Total Renewals Full call number Barcode Date last seen Date checked out Price effective from Koha item type Cost, normal purchase price Serial Enumeration / chronology Cost, replacement price
    Dewey Decimal Classification     Baccah Central Library Central Library First floor 26/10/2015 Purchase 1 5 547.7 PAI 000031178 15/07/2025 02/12/2017 26/10/2015 Book - Borrowing      
    Dewey Decimal Classification     Baccah Central Library Central Library First floor 26/10/2015 Purchase 1 8 547.7 PAI 000031179 15/07/2025 02/12/2017 26/10/2015 Book - Borrowing      
    Dewey Decimal Classification     Baccah Central Library Central Library First floor 26/10/2015 Purchase     547.7 PAI 000031180 15/07/2025   26/10/2015 Book - Borrowing      
    Dewey Decimal Classification     Baccah Central Library Central Library First floor 19/01/2016 Purchase     547.7 PAI 000039270 15/07/2025   19/01/2016 Book - Borrowing 309.00 21782 387.00